[Event "Lueneburg op-A"]
[Site "Lueneburg"]
[Date "2016.07.03"]
[Round "4"]
[White "Bangert, Ruediger"]
[Black "Hertling, Juergen"]
[Result "0-1"]
[WhiteElo "1593"]
[BlackElo "1842"]
[PlyCount "69"]
[EventDate "2016.07.01"]
[EventType "swiss"]
[EventRounds "9"]
[EventCountry "GER"]
[SourceTitle "CBM 173 Extra"]
[Source "ChessBase"]
[SourceDate "2016.08.29"]
[SourceVersion "1"]
[SourceVersionDate "2016.08.29"]
[SourceQuality "1"]

1. d4 Nf6 2. c4 g6 3. Nc3 Bg7 4. e4 0-0 5. f3 d6 6. Bf4 Nbd7 7. Qd2 e5 8. dxe5 Nxe5 9. Bg5 Be6 10. Nd5 c6 11. Ne3 Nxe4 12. Bxd8 Nxd2 13. Be7 Nxf1 14. Bxf8 Nxe3 15. Bxg7 Nc2+ 16. Kd2 Nxa1 17. Bf6 Nxc4+ 18. Kc3 Ne3 19. Kd2 Nac2 20. Bg5 Bxa2 21. Bxe3 Nxe3 22. Kxe3 Re8+ 23. Kf2 Bc4 24. Nh3 Re2+ 25. Kg3 Rxb2 26. Rc1 b5 27. Nf4 a5 28. h4 a4 29. h5 g5 30. Nh3 h6 31. Nf2 a3 32. Ne4 a2 33. Nc3 d5 34. Re1 b4 35. Re8+ 0-1

[Event "Lueneburg op-A"]
[Site "Lueneburg"]
[Date "2016.07.02"]
[Round "2"]
[White "Schulze, Lara"]
[Black "Hertling, Juergen"]
[Result "1-0"]
[WhiteElo "2103"]
[BlackElo "1842"]
[PlyCount "99"]
[EventDate "2016.07.01"]
[EventType "swiss"]
[EventRounds "9"]
[EventCountry "GER"]
[SourceTitle "CBM 173 Extra"]
[Source "ChessBase"]
[SourceDate "2016.08.29"]
[SourceVersion "1"]
[SourceVersionDate "2016.08.29"]
[SourceQuality "1"]

1. e4 e5 2. Nf3 Nc6 3. Bb5 a6 4. Ba4 Nf6 5. 0-0 Be7 6. Re1 d6 7. c3 0-0 8. d4 b5 9. Bb3 exd4 10. cxd4 Bg4 11. Be3 Na5 12. Bc2 Nc4 13. Bc1 c5 14. b3 Nb6 15. Nbd2 c4 16. h3 Bh5 17. bxc4 bxc4 18. Bb2 Qd7 19. a4 a5 20. Bc3 Bg6 21. Rb1 Qc7 22. Rb5 Nbd7 23. Qb1 Rfb8 24. Qb2 d5 25. e5 Rxb5 26. axb5 Nh5 27. g3 Bxc2 28. Qxc2 Bb4 29. Rb1 Bxc3 30. Qxc3 Nb6 31. Kg2 a4 32. Ra1 Qe7 33. Qe3 g6 34. Nb1 Ng7 35. Nc3 Ne6 36. Nh2 Qg5 37. f4 Qf5 38. Rd1 h5 39. Nf3 Qc2+ 40. Rd2 Qc1 41. f5 gxf5 42. Ng5 Nxg5 43. Qxg5+ Kf8 44. Qh6+ Kg8 45. Na2 c3 46. Nxc1 cxd2 47. Qxd2 Nc4 48. Qg5+ Kf8 49. Qh6+ Kg8 50. Qc6 1-0